000
00229nam a2200085Ia 4500
008
180219s9999 xx 000 0 und d
100
_a
Chaddha Satish C
245
0
_a
Art And Scince Of Teaching English
260
_a
Vinay Rakheja R. Lall Meerut
260
_c
2014
999
_c
42209
_d
42209